000 00395nam a22001457a 4500
003 0
005 20241112141515.0
008 241112b xxu||||| |||| 00| 0 eng d
082 _aFIC
_bAm489 2013
245 _aThe amazing adventures of Henry : the electric van
260 _aUK :
_bHarrods,
_cc2013.
300 _a15 p. :
_bcol. ill. ;
_c21 cm.
650 _aChildren's stories
942 _2ddc
_cBK
999 _c366689
_d366689